MARC details
| 000 -CABECERA |
| campo de control de longitud fija |
01132nam a2200277 a 4500 |
| 003 - IDENTIFICADOR DEL NÚMERO DE CONTROL |
| campo de control |
DO-SdBNP |
| 005 - FECHA Y HORA DE LA ÚLTIMA TRANSACCIÓN |
| campo de control |
20230908151502.0 |
| 007 - CAMPO FIJO DE DESCRIPCIÓN FÍSICA--INFORMACIÓN GENERAL |
| campo de control de longitud fija |
ta |
| 008 - DATOS DE LONGITUD FIJA--INFORMACIÓN GENERAL |
| campo de control de longitud fija |
221019e2006 dr aoc|dr|||| 001 0 spa d |
| 020 ## - NÚMERO INTERNACIONAL ESTÁNDAR DEL LIBRO |
| Número Internacional Estándar del Libro |
8466739408 |
| 040 ## - FUENTE DE LA CATALOGACIÓN |
| Centro catalogador/agencia de origen |
DO-SdBNP |
| Lengua de catalogación |
spa |
| Centro/agencia transcriptor |
BNPHU |
| 082 #4 - NÚMERO DE LA CLASIFICACIÓN DECIMAL DEWEY |
| Número de edición |
22 |
| Número de clasificación |
371.0712 |
| Número de documento/Ítem |
S232f |
| 100 1# - ENTRADA PRINCIPAL--NOMBRE DE PERSONA |
| 9 (RLIN) |
53515 |
| Nombre de persona |
Santana Cordero, Loida Altagracia |
| 245 10 - MENCIÓN DE TÍTULO |
| Título |
Formación integral humana y religiosa 1: |
| Resto del título |
nivel medio. / |
| Mención de responsabilidad, etc. |
Loida Altagracia Santana Cordero |
| 250 ## - MENCIÓN DE EDICIÓN |
| Mención de edición |
2da. ed. |
| 260 ## - PUBLICACIÓN, DISTRIBUCIÓN, ETC. |
| Lugar de publicación, distribución, etc. |
Santo Domingo : |
| Nombre del editor, distribuidor, etc. |
Anaya, |
| Fecha de publicación, distribución, etc. |
2006 |
| 300 ## - DESCRIPCIÓN FÍSICA |
| Extensión |
149 p. : |
| Otras características físicas |
il., forograf., retr. |
| Dimensiones |
28 cm. |
| 504 ## - NOTA DE BIBLIOGRAFÍA, ETC. |
| Nota de bibliografía, etc. |
Bibliografía : p. 150- 152 |
| 505 ## - NOTA DE CONTENIDO CON FORMATO |
| Nota de contenido con formato |
Eje temáticco : Juventud y Situación Actual. Búsqueda y Respuesta. |
| Título |
1. ¿Cuál es mi papel en el mundo?-- |
| -- |
2. Así vive la juventud.-- |
| -- |
3. ¿En qué mundo vivimos? |
| -- |
4. Construyamos un mundo nuevo. |
| 590 ## - NOTA LOCAL (RLIN) |
| Nota local |
Inventariado 2022 / MF |
| 650 #4 - PUNTO DE ACCESO ADICIONAL DE MATERIA--TÉRMINO DE MATERIA |
| Término de materia o nombre geográfico como elemento de entrada |
Educación religiosa |
| Subdivisión geográfica |
República Dominicana |
| 9 (RLIN) |
76954 |
| 650 #4 - PUNTO DE ACCESO ADICIONAL DE MATERIA--TÉRMINO DE MATERIA |
| Término de materia o nombre geográfico como elemento de entrada |
Educación religiosa |
| Subdivisión general |
Enseñanza elemental |
| Subdivisión geográfica |
República Dominicana |
| 9 (RLIN) |
82544 |
| 650 #4 - PUNTO DE ACCESO ADICIONAL DE MATERIA--TÉRMINO DE MATERIA |
| Término de materia o nombre geográfico como elemento de entrada |
Educación religiosa |
| Subdivisión general |
Libros texto |
| 9 (RLIN) |
76956 |
| 910 ## - DATOS DE OPCIÓN DEL USUARIO (OCLC) |
| Datos de opción del usuario |
MFeliz |
| 942 ## - ELEMENTOS DE PUNTO DE ACCESO ADICIONAL (KOHA) |
| Fuente del sistema de clasificación o colocación |
Dewey Decimal Classification |
| Tipo de ítem Koha |
Libro |